000 01989nam0a2200373 4500
001 RU\NLR\b_ik\177658
005 20250616230624.0
021 _aRU
_b2009-17082
_91010
035 _a(NLR Aleph) 002250255
090 _a3678672
_c3678672
100 _a20090505d2008 |||y0rusy50 ca
101 0 _aeng
_drus
102 _aRU
105 _aa |||||||||
200 1 _aLeak rate measurements on bimetallic transition samples for ILC cryomodules
_fJ. Budagov, A. Chernikov, B. Sabirov [et al.]
210 _aДубна
_cJoint inst. for nuclear research
_d2008
215 _a8 с.
_cил.
_d29
225 1 _aОбъединенный институт ядерных исследований, Дубна
_vE13-2008-110
300 _aНа 3-й с. обл.: Измерение уровня течи биметаллических переходных образцов для криомодуля международного линейного Коллайдера / Будагов Ю. и др.
300 _aРез. на рус. яз.
320 _aБиблиогр.: с. 8
517 0 _aИзмерение уровня течи биметаллических переходных образцов для криомодуля международного линейного коллайдера
606 1 _aБиметалл сталь-титан
_xСварка энергией взрыва
_91175220
_3RU\NLR\auth\66154499
606 1 _aLHC CERN, установка для ядерных исследований
_xБиметаллические трубы
_xТехническая диагностика
_92622797
_3RU\NLR\auth\661559357
686 _aВ381.1
701 1 _aBudagov
_bJ. A.
_gJulian Aramovič
_4070
701 1 _aČernikov
_bA.
_4070
701 1 _4070
_7ba
_8rus
_aSabirov
_bB. M.
_f1939-
_gBasar Muchitdinovič
_9271590
_3RU\NLR\AUTH\770271646
801 0 _aRU
_bNLR
_c20090505
_gRCR
801 1 _aRU
_bNLR
_c20090505
942 _cBOOK
980 _aNB